000 01375cam a2200349 a 4500
001 4418700
003 ARRUPE
005 20131010140548.0
008 950530s1995 it b 001 0 eng d
020 _a8876536051
035 _a(OCoLC)41932370
035 _a(OCoLC)ocm41932370
035 _a(NNC)4418700
040 _aCtY-D
_cCtY-D
_dNNUT
050 _aBS587
_b.F557 1995
100 1 _aFitzmyer, Joseph A.
_92397
245 1 4 _aThe Biblical Commission's document "The interpretation of the Bible in the Church" :
_btext and commentary /
_cJoseph A. Fitzmyer.
246 3 0 _aInterpretation of the Bible in the Church
260 _aRoma :
_bEditrice Pontificio Istituto Biblico,
_c1995.
300 _axv, 212 p. ;
_c24 cm.
490 1 _aSubsidia Biblica ;
_v18
500 _a"The text of the document of the Pontifical Biblical Commission ... is reprinted with permission of the Libreria Editrice Vaticana."--T.p. verso.
504 _aIncludes bibliographical references and indexes.
610 2 0 _aCatholic Church.
_bPontificia Commissio Biblica.
_92398
630 0 0 _aBible
_xStudy and teaching
_xCatholic Church.
_92399
630 0 0 _aBible
_xCriticism, interpretation, etc.
_92400
630 0 0 _aBible
_xHermeneutics.
_92401
710 2 _aLibreria editrice vaticana.
_92402
830 0 _aSubsidia Biblica ;
_v18.
_92403
942 _2lcc
_cMONOGRAPH
999 _c118314
_d118314